| 000 | 00419nam a2200169Ia 4500 | ||
|---|---|---|---|
| 008 | 230711s9999||||xx |||||||||||||| ||und|| | ||
| 020 | _a978-81-8424-656-8 | ||
| 041 | _aENG | ||
| 082 |
_a800 _bJA-M |
||
| 100 | _aJag Mohan | ||
| 245 | 0 | _aMy frozen turbulence in Kashmir | |
| 250 | _a1st . Ed. | ||
| 260 |
_c2011 _aNew Delhi _bAllied Publishers Private Limited |
||
| 300 | _a923 | ||
| 650 | _aLiterature | ||
| 942 | _cBK | ||
| 999 |
_c5319 _d5319 |
||